Normal view
MARC view
- الحجي، يعقوب يوسف
Entry Personal Name
001 - CONTROL NUMBER
- control field: 43721
003 - CONTROL NUMBER IDENTIFIER
- control field: JO-AjAnu
005 - DATE AND TIME OF LATEST TRANSACTION
- control field: 20230606081238.0
008 - FIXED-LENGTH DATA ELEMENTS
- fixed length control field: 230606|| aca||aabn | a|a d
040 ## - CATALOGING SOURCE
- Original cataloging agency: JO-AjAnu
- Transcribing agency: JO-AjAnu
100 ## - HEADING--PERSONAL NAME
- Personal name: الحجي، يعقوب يوسف
670 ## - SOURCE DATA FOUND
- Source citation: Work cat.: (JO-AjAnu)22384: الحجي، يعقوب يوسف, author, الشيخ عبد العزيز الرشيد: سيرة حياته